|
|
|
|
| LEADER |
01612cas a2200241 a 4500 |
| 001 |
AALejournalIMF001815 |
| 008 |
230101c9999 xx r poo 0 0eng d |
| 020 |
|
|
|c 5.00 USD
|
| 020 |
|
|
|z 9781451821376
|
| 022 |
|
|
|a 1934-7685
|
| 040 |
|
|
|a BD-DhAAL
|c BD-DhAAL
|
| 110 |
2 |
|
|a International Monetary Fund.
|
| 245 |
1 |
0 |
|a Kyrgyz Republic :
|b Statistical Appendix.
|
| 264 |
|
1 |
|a Washington, D.C. :
|b International Monetary Fund,
|c 2001.
|
| 300 |
|
|
|a 1 online resource (43 pages)
|
| 490 |
1 |
|
|a IMF Staff Country Reports
|
| 500 |
|
|
|a <strong>Off-Campus Access:</strong> No User ID or Password Required
|
| 500 |
|
|
|a <strong>On-Campus Access:</strong> No User ID or Password Required
|
| 506 |
|
|
|a Electronic access restricted to authorized BRAC University faculty, staff and students
|
| 520 |
3 |
|
|a The statistical data on the progress in transition, value-added in the main production sectors, industrial production, output of selected industrial and manufacturing products, consumer and producer prices, energy prices, average wages, labor market, export and import of goods to CIS and non-CIS countries with regard to the Kyrgyz Republic have been presented in this paper. The paper also presents the direction of trade, production, imports, and exports of energy products, external public debt, summary of state government operations, and related economic indices of the country.
|
| 538 |
|
|
|a Mode of access: Internet
|
| 830 |
|
0 |
|a IMF Staff Country Reports; Country Report ;
|v No. 2001/224
|
| 856 |
4 |
0 |
|z Full text available on IMF
|u http://elibrary.imf.org/view/journals/002/2001/224/002.2001.issue-224-en.xml
|z IMF e-Library
|